000 00192 a2200097 4500
020 _a9789682413872
041 _aspa
100 _aMargarita Heuer
245 _aLOs utiles escolares
942 _cK
999 _c30234
_d30232